000 00708cam a22002413a 4500
001 12346
003 PGUSA
005 20140828083248.0
008 040501s2004||||xxu|||||s|||||000 1 eng d
040 _aPGUSA
_beng
042 _adc
050 4 _aPS
100 1 _aCrawford, F. Marion
_q(Francis Marion),
_d1854-1909
245 1 2 _aA Roman Singer
_h[electronic resource] /
_cF. Marion Crawford
260 _bProject Gutenberg,
_c2004
506 _aPublic domain in the USA.
516 _aElectronic text
653 _aMusicians -- Fiction
653 _aItaly -- Social life and customs -- Fiction
830 0 _aProject Gutenberg
_v12346
856 4 0 _uhttp://www.gutenberg.org/ebooks/12346
942 _cEB
999 _c241601
_d241601